000 00464nam a22001817a 4500
005 20180203123632.0
008 160701b xxu||||| |||| 00| 0 eng d
020 _a978-0-07-066048-9
041 _aeng
082 _b20245
_a004.0285
100 _aMartin John C
_93363
245 _aIntroduction to languages & theory of computaion
250 _a3rd ed.
260 _bMc graw hill
_c2011
300 _a526
650 _aInformation Technology
_9137
942 _cBK
999 _c5026
_d5024